UITU Library & LRC     

Crop monitoring and controlling system (Record no. 32793)

MARC details
000 -LEADER
fixed length control field 00463nam a2200133Ia 4500
008 - FIXED-LENGTH DATA ELEMENTS--GENERAL INFORMATION
fixed length control field 260210s9999 xx 000 0 und d
024 ## - OTHER STANDARD IDENTIFIER
Standard number or code 17B-045-CE, 18B-015-CE, 18B-040-CE & 18B-042-CE
082 ## - DEWEY DECIMAL CLASSIFICATION NUMBER
Classification number 633.5027 ZAI
100 ## - MAIN ENTRY--PERSONAL NAME
Personal name Muhammad Zaid, Faryal Shah, Beena Saleem & Yusra Fatima
245 #0 - TITLE STATEMENT
Title Crop monitoring and controlling system
260 ## - PUBLICATION, DISTRIBUTION, ETC.
Place of publication, distribution, etc. Karachi:
Name of publisher, distributor, etc. UITU,
Date of publication, distribution, etc. 2018
600 ## - SUBJECT ADDED ENTRY--PERSONAL NAME
Personal name Computer System Engineering
650 ## - SUBJECT ADDED ENTRY--TOPICAL TERM
Topical term or geographic name entry element Bachelor of Engineering (BE)

No items available.

Powered by Koha